| 000 | 00852cab a2200217 4500 | ||
|---|---|---|---|
| 001 | WB3435-56 | ||
| 008 | 090401t1998 xxu||||| |||| 00| 0 eng d | ||
| 035 | _a(Sirsi) u88500 | ||
| 041 | _aeng | ||
| 245 | _aConifer invasion is reversed | ||
| 260 | _c1998 | ||
| 350 | _a0 | ||
| 490 |
_aIndependent on Sunday _v13 September 1998, 10(1) |
||
| 520 | _aThe Foresty Commission is uprooting thousands of acres of its own trees in an extraordinary act of restitution. The commission which has been criticised for decades for burying some of the country`s finest landscapes and wildlife habitats under a dense blanket of conifers, has now embarked on a programme of trying to turn the clock back. | ||
| 650 | _aFORESTRY COMMISSION | ||
| 650 | _aHABITATS | ||
| 650 | _aTREE CLEARING | ||
| 690 | _aRURAL PRACTICE | ||
| 942 | _n0 | ||
| 948 | _c15/09/1998 | ||
| 999 |
_c55917 _d55917 |
||